Представление документа в формате RUSMARC

ПолеНазваниеЗначение
  Тип записи a
  Библиографический уровень m
001 Контрольный номер RU/SLIB/B/208731700
005 Дата корректировки 20201206204025.0
010 Индекс ISBN __
a ISBN 5-7380-0145-1
d Цена 30-00
101 Язык документа 1_
a Язык текста rus
c Язык оригинала nnn
200 Заглавие и сведения об ответственности 1_
a Заглавие Сецессия: Право на отделение, права человека и территориальная целостность государства
f Первые сведения об ответственности А. Бьюкенен ; пер. Е. Фурман ; науч. ред. Д. Фурман
b Общее обозначение материала Текст
210 Выходные данные __
a Место издания М.
c Издательство Рудомино
d Дата издания 2001
215 Физическое описание __
a Объем 238 с.
225 Серия __
a Серия Теоретические проблемы прав человека
v Обозначение тома вып. 2
330 Аннотация __
a Аннотация Книга посвящена проблеме сецессии, отделения от государства части его территории.
606 Тематические рубрики __
a Основная рубрика Конституционное (государственное) право в целом
a Основная рубрика Международное право в целом
a Основная рубрика Право
610 Ключевые слова __
a Ключевые слова права человека; анархия; сецессия; моральный аргумент; политическая философия; стратегии; индивиды; мораль; справедливость; сепаратизм; государства; государственные территории
686 Индексы других классификаций __
a Классификационный индекс 67.400.3
686 Индексы других классификаций __
a Классификационный индекс 67.412.1
700 Автор _1
a Фамилия Бьюкенен
b Имя А.
4 Код отношения 070
702 Вторичная интеллектуальная ответственность _1
a Фамилия Фурман
b Имя Е.
4 Код отношения Переводчик
4 Код отношения 730
702 Вторичная интеллектуальная ответственность _1
a Фамилия Фурман
b Имя Д.
4 Код отношения Редактор
4 Код отношения 340
801 Источник записи _0
a Страна RU
b Организация Муниципальное бюджетное учреждение культуры "Централизованная библиотечная система" г. Сургут (Центральная городская библиотека им. А. С. Пушкина)
g Правила каталогизации КиК/Поспелова
801 Источник записи _1
a Страна RU
b Организация Муниципальное бюджетное учреждение культуры "Централизованная библиотечная система" г. Сургут (Центральная городская библиотека им. А. С. Пушкина)
g Правила каталогизации КиК/Поспелова
852 Данные о местонахождении __
j Шифр хранения 67.400.3
c Каталожный индекс 67.400; 67.412.1
i Авторский знак Б 96
901 Тип документа __
t Тип документа m
903 Характеристики (МАРС) __
a Дата передачи 20021112
990 Данные о заказе (DOS) __
j Количество экземпляров (DOS) 1
t N записи в КСУ для И/У (DOS) 200211